000 00417cam a22001337a 4500
008 180718b1946 xxu||||| |||| 00| 0 eng d
082 _aT12301x54 An57
100 _aAnjaria, J.J.
245 _aPrice control in India, with special reference to food supply
_cby J.J. Anjaria...[et.al.]
260 _aBombay
_bPopular
_c1946
300 _a153p.
650 _aPrice fixing - India
650 _aPrices - Regulation - India
999 _c358430
_d358430